000 00486nam a2200157 a 4500
001 000033391
005 20240226142655.0
008 110825s1969 ve 000 0 spa d
040 _aDO-SdBNP
_bspa
_cBNPHU
082 _axxxx
_bC322n
100 1 _aCartagena Portalatín, Aída,
_d1918-1994
_923557
245 1 0 _aNarradores dominicanos :
_bantología /
_cAída Cartagena Portalatín.
260 _aCaracas, Venezuela :
_bMonte Ávila,
_c1969.
300 _a153 p. ;
_c18 cm.
049 _aBNPD
999 _c32882
_d32882